[Event "FIDE Chesscom Grand Swiss 2021"]
[Site "Riga"]
[Date "2021.10.29"]
[Round "3.36"]
[White "Van Foreest, Lucas"]
[Black "Deac, Bogdan-Daniel"]
[Result "0-1"]
[WhiteElo "2543"]
[BlackElo "2643"]
[Annotator "TA"]
[PlyCount "106"]
[EventDate "2021.10.27"]
[EventType "swiss"]
[EventCountry "LAT"]
[Tiebreak "Cut1 Buchholz+Sonneborn-Berger (Swiss)"]
[SourceTitle "playchess.com"]
[Source "ChessBase"]
[SourceQuality "1"]

{[%evp 9,106,28,31,24,33,34,35,18,18,13,22,21,40,35,39,42,32,32,35,27,35,41,31,
11,27,15,18,0,29,0,6,0,41,41,54,42,53,30,56,48,51,46,66,-67,-79,-54,-79,-67,
-68,-69,-71,-73,-71,-75,0,-20,-22,-56,-8,-19,-16,-16,-14,-25,-27,-47,-14,-52,
-57,-62,-66,-90,-71,-196,-195,-195,-110,-111,-164,-133,-37,-154,-157,-283,-275,
-229,-270,-570,-588,-612,-585,-1624,-617,-1569,-1383,-1644,-732,-29976,-29960]
} 1. d4 d5 2. c4 e6 3. Nc3 h6 4. Nf3 Nf6 5. Bf4 Bd6 6. Bxd6 {D37: Queen's
Gambit Declined: 5 Bf4.} Qxd6 {6...cxd6 is vanishing.} 7. e3 O-O 8. Rc1 {
White is slightly better.} Qe7 9. Bd3 Nbd7 10. O-O {[#]} Rd8 $146 ({
Predecessor:} 10... a6 11. cxd5 exd5 12. Bb1 Nb6 13. h3 Bd7 14. Qc2 Rac8 15. a4
a5 16. Ne5 {1-0 (44) Homer,N (1643)-Tidmarsh,D (1948) Sunningdale 2014}) 11.
cxd5 exd5 12. a3 a5 13. h3 c6 14. Na4 Ne4 15. Qc2 Re8 16. Rb1 Ng5 {And now ...
Nxf3+ would win.} 17. Nxg5 hxg5 18. g4 Qd8 19. Kg2 Re6 20. b4 axb4 (20... b5 $5
{[%cal Rb5a4]} 21. Nc5 Rh6 $11) 21. axb4 Nf8 22. Nc5 Rh6 23. b5 cxb5 24. Ra1 ({
But not} 24. Rxb5 b6 $15) 24... Rb8 25. Rfb1 Qd6 26. Rxb5 {[#]} (26. Qb3 $14)
26... Bxg4 $1 $15 27. hxg4 Qh2+ 28. Kf3 {aiming for Rf1.} Rf6+ $1 29. Bf5 g6 {
[%mdl 64] Pin} 30. Ke2 gxf5 31. gxf5 Qh3 ({Better is} 31... Re8 $17) 32. Rg1
Rxf5 33. Nd3 Ng6 34. Rxb7 Re8 {...Rxe3+! is the strong threat.} 35. Rg3 {
[%cal Rg3h3]} Qh5+ 36. Kd2 Qh2 37. Kc1 Kg7 (37... Ra8 $5 {[%cal Rh2h1]} 38. Kb2
Kg7 $11) 38. Kb2 Re6 39. Kb3 Ref6 $1 {[%cal Rf5f2] Threatens to win with ...
Rxf2.} 40. Qc1 Rxf2 41. Rxg5 (41. Qg1 $17 Qxg1 42. Rxg1) 41... Rf1 $1 $19 {
[%cal Rf1c1]} 42. Qc2 Qh6 (42... Qh3 $19 43. Rxf7+ (43. Rxd5 $2 Qxe3 44. Kc4
Rc6+ 45. Rc5 Rxc5+ 46. Kxc5 Nf4 $19) 43... Kxf7 44. Rxg6 Qxe3 45. Rxf6+ Kxf6
46. Qc6+ Qe6) 43. Qg2 (43. Rxd5 $2 Qxe3 44. Kc4 Rc6+ 45. Rc5 Rxc5+ 46. Kxc5 Nf4
$19) 43... Rb1+ 44. Nb2 Qh4 (44... Re1 $17 45. Qg3 (45. Qxd5 $2 Rxe3+ 46. Ka4
Qh3 $19) (45. Rxd5 $2 Qxe3+ 46. Kb4 Rc1 $19) 45... Kh7) 45. Rg3 {[#]} (45. Ka2
$15) 45... Qh5 $1 $17 {[%cal Rh5d1] White must now prevent ...Qd1+.} 46. Qc2 (
46. Kc2 $17 Rbf1 47. Kb3) 46... Qh1 $19 47. Rg2 Qf1 48. Qe2 {[#]} (48. Re2)
48... Qc1 $1 {( -> ...Rxb2+!)} 49. Qd3 {If White can now play Rc2 this
consolidates a bit.} Re6 50. Ka2 Ra1+ 51. Kb3 Raa6 52. e4 dxe4 (52... Qa1 $142
53. Qd2 Qa2+ 54. Kc2 Rac6+ 55. Qc3 Rxc3+ 56. Kxc3 Qa3+ 57. Kc2 Rc6+ 58. Kb1 Qa6
59. Rxf7+ Kxf7 60. Rf2+ Kg7) 53. Qc2 Qe3+ {[%mdl 64] Double Attack.  Weighted
Error Value: White=0.59/Black=0.16} 0-1

[Event "FIDE Chesscom Grand Swiss 2021"]
[Site "Riga"]
[Date "2021.10.29"]
[Round "3.37"]
[White "Miezis, Normunds"]
[Black "Chigaev, Maksim"]
[Result "0-1"]
[WhiteElo "2467"]
[BlackElo "2639"]
[Annotator "TA"]
[PlyCount "78"]
[EventDate "2021.10.27"]
[EventType "swiss"]
[EventCountry "LAT"]
[Tiebreak "Cut1 Buchholz+Sonneborn-Berger (Swiss)"]
[SourceTitle "playchess.com"]
[Source "ChessBase"]
[SourceQuality "1"]

{[%evp 10,78,7,1,13,6,4,11,14,6,14,9,16,0,-4,-58,-54,-77,-32,-99,-72,-136,-146,
-229,-216,-253,-249,-238,-218,-217,-204,-268,-188,-187,-193,-299,-294,-243,
-209,-345,-353,-309,-191,-421,-417,-552,-550,-556,-547,-551,-531,-561,-554,
-550,-523,-695,-690,-688,-686,-693,-692,-667,-657,-958,-920,-847,-775,-29955,
-5547,-1770,-1474]} 1. c4 g6 2. Nc3 Bg7 3. g3 e5 4. Bg2 Nc6 5. e4 d6 6. Nge2
Nh6 {A25: English Opening vs King's Indian with ...Nc6 but without early d3.}
7. d3 O-O 8. h4 Nd4 $5 {[%mdl 4] The position is equal. Leaves trodden paths.}
9. Nxd4 exd4 10. Ne2 Ng4 11. h5 c6 12. Nf4 {[#]} (12. Bh3 $11) 12... Ne5 $146 (
{Predecessor:} 12... Re8 13. hxg6 hxg6 14. Bh3 Nf6 15. Kf1 d5 16. f3 Qd6 17.
Kg2 Bxh3+ 18. Nxh3 dxc4 19. dxc4 {0-1 (50) Navrotescu,A (2208)-Skripchenko,A 
(2438) Nimes 2014}) 13. f3 h6 14. Ne2 ({White should try} 14. Nh3 $15) 14... g5
{White is on the road to losing.} 15. Nxd4 {[#]} (15. f4 $142) 15... d5 $1 $17
16. exd5 (16. O-O $17) 16... cxd5 $19 17. c5 Qa5+ 18. Kf1 Qxc5 19. Ne2 {
And now d4 would win.} Qb5 20. Nc3 Qxd3+ 21. Qxd3 Nxd3 22. Nxd5 (22. f4 $142)
22... Be6 23. f4 Rfd8 24. Ne3 (24. Ne7+ $142 Kf8 25. Bxb7) 24... Rac8 ({
Much less strong is} 24... gxf4 25. gxf4 Nxf4 26. Bxb7 $19) 25. f5 Bxa2 26. Bd2
(26. Ke2 {is the only way for White.}) 26... Nxb2 27. Bxb7 Bc4+ 28. Nxc4 Nxc4 {
[%mdl 64] [#] Discovered Attack} (28... Rxc4 $2 29. Rh2 $19) 29. Bxc8 Bxa1 30.
Ba6 Nxd2+ 31. Ke2 Bf6 32. Rc1 Ne4 33. Kf3 Nc3 34. Rc2 Kg7 35. Rb2 Rd6 36. Bc4
g4+ 37. Kg2 Ne4 38. Rb7 Rd2+ 39. Kf1 Nd6 {[%mdl 64] Double Attack.  Weighted
Error Value: White=0.51/Black=0.12} 0-1

[Event "FIDE Chesscom Grand Swiss 2021"]
[Site "Riga"]
[Date "2021.10.29"]
[Round "3.38"]
[White "Harikrishna, Pentala"]
[Black "Morovic Fernandez, Ivan"]
[Result "1-0"]
[WhiteElo "2719"]
[BlackElo "2510"]
[Annotator "TA"]
[PlyCount "102"]
[EventDate "2021.10.27"]
[EventType "swiss"]
[EventCountry "LAT"]
[Tiebreak "Cut1 Buchholz+Sonneborn-Berger (Swiss)"]
[SourceTitle "playchess.com"]
[Source "ChessBase"]
[SourceQuality "1"]

{[%evp 23,102,31,14,7,20,1,25,20,22,25,21,25,66,58,73,73,72,72,70,70,72,64,66,
64,77,57,61,42,60,59,62,62,61,57,62,61,60,59,59,59,77,71,75,69,79,78,110,106,
97,95,112,109,121,103,149,115,383,381,368,328,512,446,308,308,438,297,469,462,
552,652,570,603,652,641,641,632,610,610,29977,29978,29977]} 1. e4 c5 2. Nf3 e6
3. d4 cxd4 4. Nxd4 Nf6 5. Nc3 Nc6 6. Ndb5 Bb4 7. a3 Bxc3+ 8. Nxc3 d5 9. Bd3
dxe4 10. Nxe4 Nxe4 11. Bxe4 Qxd1+ 12. Kxd1 Bd7 13. Be3 {B45: Sicilian Four
Knights.} f5 {The main line 13...f5 scores better than 13...0-0-0.} 14. Bf3 Kf7
15. Kc1 {[#] White has an edge.} Rhd8 $146 ({Predecessor:} 15... e5 16. Rd1 Be6
17. b3 Rac8 18. Kb2 b6 19. Rd6 Ne7 20. g3 Rhd8 21. Rad1 Rxd6 22. Rxd6 {1-0 (56)
Areshchenko,A (2470)-Prokopisin,V (2332) Evpatoria 2002}) 16. b3 e5 17. Re1 e4
18. Bh5+ g6 19. Be2 Be6 20. Kb2 Rd7 21. h4 a6 22. Rad1 Rad8 23. Bg5 Rxd1 24.
Bxd1 (24. Rxd1 {looks sharper.} Rxd1 25. Bxd1 Bd7 26. Kc3 Ke6 27. Kc4) 24...
Rd7 25. h5 Ne5 26. hxg6+ hxg6 27. Be2 Bd5 28. Rh1 Ng4 29. Bxg4 fxg4 $14 {
[%mdl 4096] Endgame KRB-KRB} 30. Be3 g3 31. fxg3 Bc6 32. g4 Ke6 33. a4 Rf7 34.
Kc3 Kd6 35. Rh6 Rg7 36. Kd4 Bd7 37. g5 Bf5 38. c4 Kc6 39. b4 b5 $2 {[%mdl 8192]
A mistake that costs the game.} (39... Kd6 $16 {is a better defense.}) 40.
cxb5+ $18 axb5 41. a5 Kb7 (41... Rg8 $142 42. a6 Rd8+ 43. Ke5 Re8+ 44. Kf4 Rf8)
42. Ke5 Re7+ 43. Kf4 Rf7 (43... Rg7 $142 44. Rh8 Rc7) 44. Rh8 {[#] Hoping for
a6+!} Bd7+ (44... Bc8+ {was worth a try.} 45. Ke5 Re7+ 46. Kd5 Rd7+ 47. Kxe4
Re7+ 48. Kf3 Rc7) 45. Ke5 Bc6 46. g4 Rd7 47. Rg8 Rd5+ 48. Kf4 Rd6 49. Rg7+ Ka8
50. a6 {[#] Threatening mate with Rg8+.} Re6 51. Rc7 {[%cal Rc7c8]} Kb8 {
Weighted Error Value: White=0.06/Black=0.51} 1-0

[Event "FIDE Chesscom Grand Swiss 2021"]
[Site "Riga"]
[Date "2021.10.29"]
[Round "3.39"]
[White "Xiong, Jeffery"]
[Black "Kuzubov, Yuriy"]
[Result "1/2-1/2"]
[WhiteElo "2700"]
[BlackElo "2624"]
[Annotator "TA"]
[PlyCount "137"]
[EventDate "2021.10.27"]
[EventType "swiss"]
[EventCountry "LAT"]
[Tiebreak "Cut1 Buchholz+Sonneborn-Berger (Swiss)"]
[SourceTitle "playchess.com"]
[Source "ChessBase"]
[SourceQuality "1"]

{[%evp 9,137,20,21,32,18,24,28,0,7,0,-13,-2,-4,-24,17,11,11,0,0,0,0,0,0,0,21,
-16,-13,-24,-21,-21,17,20,87,77,83,30,33,32,38,39,51,43,43,50,43,43,54,53,51,
43,43,53,47,60,64,43,44,33,34,37,34,23,23,26,26,13,51,51,51,51,41,46,80,51,62,
62,62,62,114,12,12,12,12,12,12,12,12,8,12,12,34,12,22,12,12,12,12,12,12,0,12,
12,12,12,12,12,12,12,12,12,12,12,12,0,0,0,12,12,12,12,12,12,12,12,14,14,22,13,
40,0]} 1. Nf3 d5 2. g3 c5 3. Bg2 g6 4. c4 Nf6 5. Qa4+ {[#]} Bd7 $146 ({
Predecessor:} 5... Qd7 6. Qxd7+ Nbxd7 7. Nc3 dxc4 8. a4 Bg7 9. a5 O-O 10. O-O
Rb8 11. d3 cxd3 12. exd3 {0-1 (32) Fedoseev,V (2659)-Stupak,K (2551) St
Petersburg 2015}) 6. Qb3 {A08: King's Indian Attack.} dxc4 7. Qxc4 Nc6 8. O-O {
White has an edge.} Rc8 9. Nc3 (9. d3 {with more complications.} e5 10. Nc3 h6
11. Be3 Na5 12. Qh4) 9... Na5 10. Qh4 Bg7 11. d4 cxd4 12. Qxd4 Nc6 13. Qh4 h6
14. Rd1 Qa5 15. Be3 Bg4 16. Ne4 {[%cal Re4f6] Hoping for Nxf6+.} Bf5 {[#]} 17.
Bd2 $1 Qb6 18. Nxf6+ Bxf6 19. Qa4 Bg7 ({And not} 19... Bxb2 20. Rab1 $1 $16)
20. Be3 Qa5 {[#]} (20... Qa6 $11 {remains equal.} 21. Qxa6 bxa6) 21. Qxa5 $1
$16 Nxa5 22. Bd4 ({Worse is} 22. Bxa7 Bxb2 23. Nd4 Bxa1 $17) (22. Nd4 $16)
22... O-O $11 23. Bxg7 Kxg7 24. Nd4 Bd7 25. b4 Nc6 26. Nxc6 Bxc6 27. Bxc6 Rxc6
$14 {[%mdl 4096] Endgame KRR-KRR} 28. Rd7 Rb6 29. a3 e6 30. Rc1 a5 31. bxa5 Rb5
32. Rc3 g5 33. Rf3 h5 34. h3 Kg6 35. Kg2 (35. Kf1 {keeps more tension.} Kg7 36.
Rc3 Kg6 37. Kg2 Ra8 38. Rcc7) 35... Rxa5 36. Rxb7 Re5 37. Kf1 f6 38. Rbb3 Ra5
39. Rb6 Re5 40. Rc3 Ra8 41. g4 hxg4 42. hxg4 Re4 43. f3 Rea4 (43... Re5 $14)
44. Rbb3 (44. Rxe6 $16 {aiming for Rcc6.} Rxa3 45. Rcc6) 44... R8a6 $11 45. Kf2
f5 46. gxf5+ exf5 47. Kg3 R4a5 48. f4 gxf4+ 49. Kxf4 Ra4+ 50. Ke3 Kf6 51. Kd2
f4 52. Ke1 Kf5 53. Rc5+ Kg6 54. Rcc3 Kf5 55. Kf2 R4a5 56. Rh3 Kg6 57. Rhf3 Kg5
58. Rb8 Rxa3 59. Rg8+ Kf5 60. Rf8+ Ke5 61. Re8+ Kf5 62. Rf8+ Ke5 63. R3xf4 Re6
64. R8f7 Ra2 65. Kf3 Ra3+ 66. e3 Kd6 67. Rd4+ Kc6 68. Re4 Kd6 69. Rd4+ {
Weighted Error Value: White=0.10/Black=0.08} 1/2-1/2

[Event "FIDE Chesscom Grand Swiss 2021"]
[Site "Riga"]
[Date "2021.10.29"]
[Round "3.40"]
[White "Martirosyan, Haik M."]
[Black "Eljanov, Pavel"]
[Result "1/2-1/2"]
[WhiteElo "2624"]
[BlackElo "2691"]
[Annotator "TA"]
[PlyCount "37"]
[EventDate "2021.10.27"]
[EventType "swiss"]
[EventCountry "LAT"]
[Tiebreak "Cut1 Buchholz+Sonneborn-Berger (Swiss)"]
[SourceTitle "playchess.com"]
[Source "ChessBase"]
[SourceQuality "1"]

{[%evp 18,37,34,38,45,10,10,17,17,17,17,15,16,14,43,43,47,0,0,0,56,0]} 1. d4 d5
2. c4 c6 3. Nf3 Nf6 4. Nc3 e6 5. Bg5 Nbd7 6. e3 Qa5 7. Nd2 dxc4 8. Bxf6 Nxf6 9.
Nxc4 Qc7 10. Rc1 Bd6 {[#] D52: Queen's Gambit Declined: Cambridge Springs
Variation.} 11. Qf3 $146 ({Predecessor:} 11. f4 a6 12. Bd3 Bb4 13. O-O Bxc3 14.
bxc3 b5 15. Ne5 c5 16. Qf3 Bb7 17. Qg3 g6 18. Qg5 {0-1 (38) Schmid,R (2171)
-Lentrodt,T (2269) Bad Koenigshofen 2010}) 11... O-O 12. Be2 Rd8 {The position
is equal.} 13. Nxd6 Qxd6 14. Qg3 Qb4 15. Rc2 Ne4 16. Qh4 {[%mdl 64] [#] Double
Attack} Nf6 17. Qg3 Ne4 18. Qh4 {[%mdl 64] Double Attack} Nf6 19. Qg3 {
Weighted Error Value: White=0.08/Black=0.04} (19. g4 $14) 1/2-1/2

[Event "FIDE Chesscom Grand Swiss 2021"]
[Site "Riga"]
[Date "2021.10.29"]
[Round "3.41"]
[White "Sadhwani, Raunak"]
[Black "Van Foreest, Jorden"]
[Result "1/2-1/2"]
[WhiteElo "2609"]
[BlackElo "2691"]
[Annotator "TA"]
[PlyCount "98"]
[EventDate "2021.10.27"]
[EventType "swiss"]
[EventCountry "LAT"]
[Tiebreak "Cut1 Buchholz+Sonneborn-Berger (Swiss)"]
[SourceTitle "playchess.com"]
[Source "ChessBase"]
[SourceQuality "1"]

{[%evp 13,98,15,10,0,12,0,10,12,22,0,0,0,0,-14,0,0,10,0,0,0,17,14,42,34,46,52,
80,72,75,27,30,6,7,0,0,0,0,0,0,0,16,0,0,0,0,0,0,0,27,0,159,37,37,37,37,37,49,
46,120,108,139,138,113,113,163,167,162,105,114,94,90,23,24,0,0,0,0,0,0,0,0,0,0,
0,0,0,0]} 1. d4 Nf6 2. c4 e6 3. g3 d5 4. Bg2 dxc4 5. Nf3 Nc6 6. Qa4 Bb4+ 7. Bd2
Nd5 8. Qb5 {E04: Open Catalan: 5 Nf3.} Bxd2+ 9. Nbxd2 c3 10. bxc3 Nxc3 11. Qb3
$1 {[%mdl 4] now scores much better than the old 11.Qd3.} (11. Qb2 {feels
hotter.} Na4 12. Qc2 Nb6 13. Nb3 O-O 14. O-O) 11... Nd5 12. O-O O-O 13. Rfc1 {
[#]} h6 $146 ({Predecessor:} 13... Nce7 14. Qc2 c6 15. Ne5 f6 16. Nd3 b6 17.
Nf3 Ba6 18. e4 Bxd3 19. Qxd3 Nc7 {1-0 (37) Piorun,K (2634)-Sanikidze,T (2507)
St Petersburg 2018}) 14. e3 a5 15. Rc5 a4 16. Qb2 a3 17. Qb3 Bd7 18. Qxb7 Ncb4
{Threatening ...Qe7.} 19. Ne5 Ba4 $1 20. Bxd5 Nxd5 21. Nc6 Qd7 22. Rb1 Bxc6 23.
Rxc6 Rab8 $1 {[%cal Rb8b7]} 24. Qxb8 Qxc6 25. Qb3 Nc3 26. Re1 Ra8 27. Nc4 Ne4
28. Ne5 Qc3 29. Rb1 Qd2 30. Qb7 $1 {[%cal Rb7a8][%mdl 64] Double Attack} Qxf2+
31. Kh1 Nxg3+ (31... Ra5 {keeps more tension.} 32. Qxe4 Rb5 33. Rg1 Qxa2 34.
Qa8+ Kh7) 32. hxg3 Rf8 33. Qg2 Qxe3 34. Nc6 f5 35. Rf1 $36 {[%mdl 2048] White
is more active.} Kh7 {[#]} ({Black should try} 35... Qc3 $14) 36. Qf3 $1 $16 {
[%cal Rf3e3]} Qd2 37. Rf2 Qc1+ 38. Kh2 Rf6 39. Ne5 Rf8 40. Qb3 (40. d5 $18 exd5
41. Nd7 (41. Qxd5 Qg5 $16)) 40... Qe1 41. Rg2 Qe4 {[#]} 42. Qxa3 (42. Nd7 $1
$16 {[%cal Rd7f8]} Re8 43. Qc3 (43. Qxa3 Qxd4 44. Nf8+ Kg8 $14)) 42... Rd8 $11
{[%cal Rd8d4]} 43. Qe7 Rxd4 {The position is equal.} 44. Nd7 {Black must now
prevent Nf6+.} Qf3 $1 {[%cal Rf3h5] And now ...Qh5+ would win.} 45. Nf6+ {
[%mdl 64] Discovered Attack} ({Much worse is} 45. Qxe6 Qh5+ 46. Kg1 Qd1+ 47.
Kh2 Qh5+ 48. Kg1 Qd1+ 49. Kh2 Qh5+ $17) 45... Kg6 46. Ne8 Qh5+ 47. Kg1 {
[%csl Ge8][%cal Re7g7]} Qd1+ 48. Kh2 Qh5+ 49. Kg1 {[%csl Ge8][%cal Re7g7]} Qd1+
{Weighted Error Value: White=0.08/Black=0.11} 1/2-1/2

[Event "FIDE Chesscom Grand Swiss 2021"]
[Site "Riga"]
[Date "2021.10.29"]
[Round "3.42"]
[White "Adly, Ahmed"]
[Black "Matlakov, Maxim"]
[Result "1/2-1/2"]
[WhiteElo "2602"]
[BlackElo "2682"]
[Annotator "TA"]
[PlyCount "63"]
[EventDate "2021.10.27"]
[EventType "swiss"]
[EventCountry "LAT"]
[Tiebreak "Cut1 Buchholz+Sonneborn-Berger (Swiss)"]
[SourceTitle "playchess.com"]
[Source "ChessBase"]
[SourceQuality "1"]

{[%evp 13,63,19,1,-27,-30,-27,-7,-25,-30,-41,-41,-75,-74,-87,-73,-72,-54,-57,
-32,-27,-9,-9,-9,-8,-8,-15,-9,-9,-8,-8,-8,-8,-8,-8,-8,-10,-8,-8,-6,-12,-3,-3,
-3,-18,-15,-8,-1,-2,0,0,0,0]} 1. d4 Nf6 2. c4 e6 3. Nf3 d5 4. g3 Be7 5. Bg2 O-O
6. O-O dxc4 7. Qc2 b5 8. Ne5 {E05: Open Catalan: 5 Nf3 Be7.} Nd5 {[#]} 9. b3
$146 ({Predecessor:} 9. a4 f6 10. Nf3 c6 11. b3 cxb3 12. Qxb3 a6 13. e4 Nb6 14.
Nc3 Bd7 15. Rd1 Qe8 {1/2-1/2 (42) Krklec,D (2281)-Arnaudov,P (2479) Bayern 2013
}) 9... Bb7 10. Bd2 c5 11. bxc4 bxc4 12. Qb2 Qb6 13. Qxb6 axb6 14. Nxc4 Nd7 15.
dxc5 Bxc5 16. Nc3 Ba6 17. Nxd5 {The position is equal.} exd5 18. Bxd5 Rad8 {
[#] Threatens to win with ...Nf6.} 19. Rfc1 $1 Nf6 20. e4 Nxd5 21. exd5 Rxd5 {
Hoping for ...Bxc4.} 22. Be3 Bxc4 23. Rxc4 Bxe3 24. fxe3 $11 {[%mdl 4096]
Endgame KRR-KRR} Rd2 25. a4 h5 26. Rf1 Re8 27. Rf2 Rd3 28. Rb4 Re6 29. Rfb2
Rdxe3 30. Rxb6 Re1+ 31. Kf2 Rxb6 32. Rxb6 {Weighted Error Value: White=0.05/
Black=0.03} 1/2-1/2

[Event "FIDE Chesscom Grand Swiss 2021"]
[Site "Riga"]
[Date "2021.10.29"]
[Round "3.43"]
[White "Gelfand, Boris"]
[Black "Goryachkina, Aleksandra"]
[Result "1/2-1/2"]
[WhiteElo "2680"]
[BlackElo "2602"]
[Annotator "TA"]
[PlyCount "61"]
[EventDate "2021.10.27"]
[EventType "swiss"]
[EventCountry "LAT"]
[Tiebreak "Cut1 Buchholz+Sonneborn-Berger (Swiss)"]
[SourceTitle "playchess.com"]
[Source "ChessBase"]
[SourceQuality "1"]

{[%evp 11,61,29,36,8,31,23,32,14,22,25,33,27,29,12,9,9,10,0,0,-31,6,6,6,0,0,0,
0,0,0,0,0,0,5,-19,0,0,0,0,0,0,7,7,7,7,7,5,3,0,0,0,0,0]} 1. c4 c6 2. Nf3 d5 3.
d4 Nf6 4. e3 Bf5 5. Nc3 e6 6. Nh4 Bg6 7. Be2 {D12: Slav Defence: 3 Nf3 Nf6 4
e3 Bf5.} Be7 8. O-O Nbd7 9. g3 {White is slightly better.} dxc4 10. Nxg6 {
10.Nxg6 has become a bit dusty these days.} hxg6 11. Bxc4 Qa5 12. Bd3 Rd8 13.
Bd2 Qc7 {[#]} 14. Rc1 $146 ({Predecessor:} 14. Ne4 e5 15. Ng5 O-O 16. Qb3 Nd5
17. Nf3 exd4 18. exd4 Bf6 19. Rac1 Qb6 20. Qa4 {1/2-1/2 (40) Soh,E (2400)
-Schuller,J (2412) ICCF email 2017}) 14... e5 15. Qf3 exd4 (15... Nc5 $5 {
[%cal Rc5d3]} 16. Be2 exd4 17. exd4 Rxd4 $15) 16. exd4 {The position is equal.}
Nb6 17. Rfe1 {[#] And now Rxe7+! would win.} Qd7 18. Bf1 O-O 19. Rcd1 Rfe8 20.
Bg5 Nfd5 21. Bc1 Qf5 22. Kg2 Bb4 23. Rxe8+ Rxe8 24. Nxd5 Nxd5 25. Bc4 (25. h4 {
looks sharper.} Ba5 26. Bd3 Qe6 27. Bc4 Bb6 28. Bb3) 25... Ba5 26. Qxf5 gxf5
27. Bxd5 cxd5 28. Be3 Rc8 29. Rc1 Rxc1 30. Bxc1 Kf8 31. Kf3 {A rather calm
draw.  Weighted Error Value: White=0.06/Black=0.05} 1/2-1/2

[Event "FIDE Chesscom Grand Swiss 2021"]
[Site "Riga"]
[Date "2021.10.29"]
[Round "3.44"]
[White "Adhiban, B.."]
[Black "Onyshchuk, Volodymyr"]
[Result "0-1"]
[WhiteElo "2672"]
[BlackElo "2622"]
[Annotator "TA"]
[PlyCount "102"]
[EventDate "2021.10.27"]
[EventType "swiss"]
[EventCountry "LAT"]
[Tiebreak "Cut1 Buchholz+Sonneborn-Berger (Swiss)"]
[SourceTitle "playchess.com"]
[Source "ChessBase"]
[SourceQuality "1"]

{[%evp 15,102,39,51,50,64,20,20,0,0,0,74,65,89,81,98,59,79,78,79,71,89,85,86,
93,96,55,72,60,110,95,176,182,159,167,212,106,105,138,113,168,160,105,99,24,22,
31,0,0,40,0,0,0,6,-7,0,-7,-11,-98,-20,-126,-108,-352,-343,-416,-368,-381,-389,
-560,-531,-493,-478,-452,-424,-623,-614,-884,-887,-871,-756,-5087,-4813,-5329,
-5322,-29988,-29989,-29989,-29987,-5497,-1968]} 1. d4 Nf6 2. c4 g6 3. Nc3 Bg7
4. e4 O-O 5. Bg5 d6 6. h3 c5 7. d5 a6 8. a4 e6 9. Bd3 {E71: King's Indian: 4
e4 d6 5 h3.} Re8 $5 {[%mdl 4] An interesting side line.} 10. Nge2 h6 11. Be3 {
The position is equal.} exd5 $1 12. cxd5 {[#]} b6 $146 (12... Nbd7 $11 {
remains equal.}) ({Predecessor:} 12... Nbd7 13. f4 c4 14. Bc2 Qa5 15. O-O Nc5
16. e5 dxe5 17. fxe5 Rxe5 18. Bd4 Nfd7 19. Bxe5 Nxe5 {0-1 (51) Grochal,J (2335)
-Ivanisevic,I (2606) Chess.com INT 2021}) 13. Qd2 $16 Kh7 14. O-O $36 {[%mdl
2048] White is really pushing.} Ra7 15. f4 Rae7 {[%cal Rf6e4]} 16. Ng3 Nxe4 17.
Ncxe4 {Strongly threatening f5.} (17. Ngxe4 f5 $15) 17... f5 {[#]} 18. Bc2 Bxb2
{[#]} (18... Kg8 19. Rae1) 19. Rae1 Bg7 (19... Kg8 20. Bf2) 20. Nf2 b5 21. Nd1
$1 h5 22. Bf2 $1 h4 (22... Rxe1 $16 {is a better defense.} 23. Rxe1 Rxe1+ 24.
Qxe1 (24. Bxe1 Nd7 $16) 24... Bd7) 23. Rxe7 $1 $18 Qxe7 {[#]} 24. Re1 $1 Qd7 (
24... Qf8 25. Nf1) 25. Nxf5 Rxe1+ $16 26. Qxe1 gxf5 27. Ne3 Qf7 28. axb5 ({
Don't play} 28. Bxh4 $6 Bd4 $14) (28. Qa5 $142 $1 {[%cal Ra5b6]} bxa4 29. Qd8 (
29. Bxa4 Qe7 $16) (29. Qxa4 Bd4 $16)) 28... axb5 29. Qb1 ({Much worse is} 29.
Bxh4 $6 Na6 $11) ({White should play} 29. Qa5 $16 {Black must now prevent Qd8.}
Na6 30. Qd8 {[%mdl 64] Double Attack} (30. Qxb5 Nb4 $11)) 29... b4 $11 30. Nxf5
Bxf5 31. Bxf5+ Kh8 32. Qe4 {Bg6 is the strong threat.} Bf6 $1 33. Qe2 {And now
Be6 would win.} Nd7 34. Bc2 Nf8 35. Qd3 Kg7 36. Kh2 {[#]} (36. Qe4 $11) 36...
Ng6 (36... Bg5 $1 $17 37. f5 (37. Bd4+ cxd4) 37... Nd7) 37. Be3 {[#]} (37. Qe2
$11) 37... Ne7 $1 $17 38. Qh7+ $2 (38. Bf2 $17) 38... Kf8 $19 39. Qd3 Qxd5 40.
Qb5 Kg7 41. Bd3 (41. Kh1 $142) 41... Qe6 42. Bf2 Qa2 43. Be3 Qa3 44. Bf2 (44.
g4 $142 hxg3+ 45. Kxg3) 44... Qb2 45. Be3 Qc3 46. Bf2 b3 {[%cal Bb4b3,Bb3b2]
[%mdl 32]} 47. Bc4 Qd2 48. Bg1 b2 49. Be6 Qxf4+ 50. Kh1 Qe4 51. Ba2 c4 {
Never resign too early!  Weighted Error Value: White=0.84/Black=0.13} (51...
Qe1 $142 52. Qb3 Bd4 53. Qf7+ Kh6 54. Qf4+ Kg6 55. Qg4+ Kf6 56. Qe6+ Qxe6 57.
Bxd4+ cxd4 58. Bxe6 b1=Q+ {[%mdl 64] Zwischenzug} 59. Kh2 Kxe6 60. g4 Qf1 61.
g5 Qf2+ 62. Kh1 Nf5 63. g6 Ng3#) 0-1